Mapa europeo sin 10 países aleatorios - Estadísticas

Estadísticas generales
  • Esta prueba ha sido intentada 99 veces
  • La puntuación promedio es 9 de 10
Respuestas en el mapa
Las respuestas están codificadas por una escala verde-roja en el mapa de la prueba según el % correcto abajo.
 
Estadísticas de respuestas
Países % Correcto
Austria
100%
Bielorrusia
100%
Bulgaria
100%
Croacia
100%
Eslovaquia
100%
España
100%
Finlandia
100%
Francia
100%
Grecia
100%
Luxemburgo
100%
Noruega
100%
Países Bajos
100%
República Checa
100%
Rusia
100%
Suecia
100%
Suiza
100%
Ucrania
94%
Alemania
93%
Estonia
93%
Italia
93%
Letonia
93%
Rumania
93%
Bélgica
92%
Eslovenia
92%
Lituania
92%
Macedonia del Norte
92%
Polonia
92%
Reino Unido
90%
Moldavia
88%
Dinamarca
87%
Serbia
87%
Irlanda
85%
Hungría
83%
Islandia
82%
San Marino
80%
Andorra
79%
Kosovo
79%
Portugal
77%
Mónaco
75%
Liechtenstein
73%
Montenegro
73%
Albania
71%
Bosnia y Herzegovina
71%
Ciudad del Vaticano
69%
Malta
50%
No se encontraron pruebas coincidentes
Distribución de puntuación
Porcentaje de gente con cada puntuación
Porcentaje por número respondido
Historial de tus puntuaciones
No has intentado esta prueba.